Staré mesto v novom rekonštrukcia Erdödyho paláca v Bratislave

Bibliographic Details
Main Authors: Bouda, Peter, 1953- (Author), Masár, Ivan, 1956- (Author)
Format: Article
Language:Slovak
PhysicalDescription:Fotogr.
Subjects:

MARC

LEADER 00000nab a2200000 a 4500
001 vtls000713074
003 SK-MaSNL
005 20260426093807.0
008 040806c1999 xo 0 slo
015 |a SNBRB2000/02-04202 
035 |a CLN000065241 
040 |a SNKBUCL  |b slo  |c SNKBUCL  |e AACR2 
041 0 |a slo 
044 |a xo  |c SK 
080 |a 725.17(437.6)  |2 UDC-MRF-SK2 
080 |a 69(437.6)  |2 UDC-MRF-SK2 
100 1 |a Bouda, Peter,  |d 1953-  |4 aut  |9 133102 
245 1 0 |a Staré mesto v novom  |b rekonštrukcia Erdödyho paláca v Bratislave  |c Peter Bouda, Ivan Masár 
300 |b Fotogr. 
610 7 |a Erdödyho palác (Bratislava, Slovensko)  |x rekonštrukcia  |2 snkbucl  |9 1389830 
651 7 |a Bratislava (Slovensko)  |2 snkbucl  |9 14568 
655 7 |a články z novín a časopisov  |2 snkbucl  |9 267496 
700 1 |a Masár, Ivan,  |d 1956-  |4 aut  |9 257261 
773 0 |t Staviteľstvo  |g Roč. 4, č. 10 (1999), s. 4-5 
850 |a Slovenská národná knižnica v Martine 
852 |a SNK  |b KIS3GCP 
999 |c 3116455  |d 3118385